000 00547 a2200121 4500
001 ART_39663
005 20260410162012.0
008 260409a
245 1 0 _aEvaluación de las actitudes del Profesorado de Educación Secundaria Obligatoria hacia la integración escolar de alumnos con necesidades educativas especiales
100 1 _aSánchez Fernández, Sebastián
700 1 _aFernández Bartolomé, Ana María
773 0 _tPropuestas para la sociedad, el gobierno y la producción
_g- Año 5, Nº 9 (nov. 2001)
_wREV39547
999 _c32291
_d32291